| 000 | 01220 a2200193 4500 | ||
|---|---|---|---|
| 001 | 30141 | ||
| 005 | 20260407155612.0 | ||
| 008 | 260407a1970 arg spa d | ||
| 003 | AR-UNSa-BCEJYS | ||
| 040 |
_aAR-UNSa-BCEJYS _bspa _cAR-UNSa-BCEJYS |
||
| 080 |
_a657.474.2 _xRelaciones entre la contabilidad comercial y la contabilidad de costes |
||
| 245 | 1 | 0 | _aLa cuetas en la contabilidad de costos |
| 264 | 1 |
_aBuenos Aires : _bEl Coloquio _c1970 |
|
| 300 |
_a152 p. _c22 cm. |
||
| 505 | _a1. El mayor general - 2. Clasificación de cuentas: Su interrelación - 3. Organización contable - 4. Esquemas de las operaciones que registran costos - 5. Cuentas de control: Su relación con los mayores auxiliares - 6. Cuentas de control dual - 7. Registros de costos y fuentes informáticas contables. Los comprobantes - 8. Alternativas de las diversas formas de contabilidad y controal para materias primas, mano de obra y gastos - 9. Vinculació entre la contabilidad central y la industrial. Formas de separación. Registros independientes - 10. Vinculación con los presupuestos. La mecanización y la derivaciòn contable | ||
| 942 | _cBK | ||
| 590 | _aniveau_biblio:m niveau_hierar:0 | ||
| 100 | 1 | _aAimar Franco, Osvaldo | |
| 999 |
_c2036 _d2036 |
||